[Event "Verden op-B"]
[Site "Verden"]
[Date "2023.01.05"]
[Round "1"]
[White "Struebel, Tobias"]
[Black "Grabowski, Petra1111"]
[Result "1/2-1/2"]
[WhiteElo "1305"]
[BlackElo "1656"]
[PlyCount "102"]
[EventDate "2023.01.05"]
[EventType "swiss"]
[EventRounds "7"]
[EventCountry "GER"]
[SourceTitle "CBM 212 Extra"]
[Source "ChessBase"]
[SourceDate "2023.03.31"]
[SourceVersion "1"]
[SourceVersionDate "2023.03.31"]
[SourceQuality "1"]

1. d4 Nf6 2. c4 e6 3. Nf3 b6 4. Bf4 Ba6 5. e3 d5 6. Qa4+ Qd7 7. Qxd7+ Nbxd7 8. Bxc7 Bxc4 9. Bxc4 Bb4+ 10. Nc3 dxc4 11. 0-0 Bxc3 12. bxc3 Nd5 13. Bd6 Nxc3 14. Nd2 Rc8 15. Kh1 Nf6 16. Bb4 Ncd5 17. a3 Nxb4 18. axb4 Rc7 19. b5 Ke7 20. Rfc1 c3 21. Nb1 Rhc8 22. Rc2 Ne4 23. f3 Nd2 24. Nxd2 cxd2 25. Rxd2 Rc1+ 26. Rd1 Rxd1+ 27. Rxd1 Rc3 28. e4 Rc4 29. Kg1 Kf6 30. Kf2 Rb4 31. d5 exd5 32. Rxd5 Ke6 33. Kg3 f5 34. Rxf5 Rb2 35. h4 g6 36. Rg5 Kf6 37. Kh3 Rb3 38. Kg4 Ra3 39. Kf4 a5 40. bxa6 Rxa6 41. Rb5 h6 42. g4 Ke6 43. Rd5 Ra8 44. Ke3 Ra3+ 45. Rd3 Ra4 46. Rb3 Ra6 47. Kd4 Kd6 48. Kc4 Kc6 49. f4 Ra1 50. Rh3 Ra4+ 51. Kb3 Rxe4 1/2-1/2

[Event "Hannover Region-ch U12"]
[Site "Lehrte"]
[Date "2019.10.06"]
[Round "11.2"]
[White "Reccius, Jacob"]
[Black "Struebel, Tobias"]
[Result "0-1"]
[WhiteElo "1063"]
[BlackElo "1332"]
[PlyCount "150"]
[EventDate "2019.10.03"]
[EventType "swiss"]
[EventRounds "11"]
[EventCountry "GER"]
[SourceTitle "EXT 2024"]
[Source "ChessBase"]
[SourceDate "2023.10.10"]
[SourceVersion "1"]
[SourceVersionDate "2023.10.10"]
[SourceQuality "1"]

1. g3 e5 2. Bg2 d5 3. d4 exd4 4. Qxd4 Be6 5. Nf3 Nc6 6. Qd1 Nf6 7. 0-0 Qd7 8. Bf4 0-0-0 9. Nc3 Bh3 10. Ng5 Bf5 11. Qd2 h6 12. Nf3 g5 13. Ne5 Qe6 14. Nxc6 bxc6 15. Be3 d4 16. Bxd4 c5 17. e3 cxd4 18. exd4 Qb6 19. b3 Rxd4 20. Qe3 Bc5 21. Qe5 Bg6 22. Na4 Qd6 23. Qxc5 Qxc5 24. Nxc5 Bxc2 25. Rac1 Be4 26. Rfe1 Bxg2 27. Kxg2 Re8 28. Rxe8+ Nxe8 29. Kf3 Nd6 30. h3 h5 31. Rg1 g4+ 32. hxg4 hxg4+ 33. Ke3 Nf5+ 34. Ke2 c6 35. Nd3 Kc7 36. Ne5 Re4+ 37. Kd3 Rxe5 38. Rh1 Nd6 39. Kd4 Re2 40. Rh4 Nf5+ 41. Kd3 Nxh4 42. Kxe2 Ng6 43. Kd3 Kd6 44. Ke4 Ke6 45. a4 c5 46. a5 a6 47. Kd3 Kd5 48. Ke2 Ke4 49. Kd2 Kd4 50. Kc2 f5 51. Kd2 Ne5 52. Kc2 Nf3 53. Kb2 Kd3 54. Ka3 Ke2 55. b4 cxb4+ 56. Kxb4 Kxf2 57. Kc5 Nd2 58. Kb6 Nb3 59. Kxa6 Nxa5 60. Kxa5 Kxg3 61. Kb4 f4 62. Kc3 f3 63. Kd2 f2 64. Ke2 Kg2 65. Ke3 f1Q 66. Kd4 Qe2 67. Kd5 Kf3 68. Kd4 Qe4+ 69. Kc5 Qe5+ 70. Kc4 Qd6 71. Kc3 Ke3 72. Kc4 Qc6+ 73. Kb4 Kd3 74. Kb3 Qb5+ 75. Ka2 Kc2 0-1

[Event "Hannover Region-ch U12"]
[Site "Lehrte"]
[Date "2019.10.05"]
[Round "9.2"]
[White "Gallmeier, Henri"]
[Black "Struebel, Tobias"]
[Result "0-1"]
[WhiteElo "774"]
[BlackElo "1332"]
[PlyCount "88"]
[EventDate "2019.10.03"]
[EventType "swiss"]
[EventRounds "11"]
[EventCountry "GER"]
[SourceTitle "EXT 2024"]
[Source "ChessBase"]
[SourceDate "2023.10.10"]
[SourceVersion "1"]
[SourceVersionDate "2023.10.10"]
[SourceQuality "1"]

1. d4 d5 2. Nf3 c5 3. c3 Nf6 4. Bf4 e6 5. Nbd2 Qb6 6. Rb1 Nc6 7. e3 cxd4 8. cxd4 Bb4 9. Bg5 Ne4 10. Bf4 Qa5 11. Bd3 Nxd2 12. Nxd2 f6 13. a3 Be7 14. b4 Qxa3 15. Rb3 Qa4 16. Qb1 Bxb4 17. Qb2 Bxd2+ 18. Kxd2 Qa5+ 19. Ke2 Qd8 20. Re1 Na5 21. Rc3 Nc6 22. Bb5 Bd7 23. Ba4 Rc8 24. Bd6 Kf7 25. Ba3 a6 26. Bxc6 bxc6 27. Qb4 Re8 28. Rec1 Qc7 29. Kf1 Rb8 30. Qa4 Rb6 31. Bc5 Rb5 32. Qxa6 Qxh2 33. Ke2 Qc7 34. g3 Qa5 35. Qxa5 Rxa5 36. Kf1 Rea8 37. Bb4 Ra2 38. Kg2 Rb2 39. Bc5 Raa2 40. Rf1 Bc8 41. Kf3 Ba6 42. Rfc1 Rxf2+ 43. Kg4 f5+ 44. Kh3 Rh2# 0-1

[Event "Hannover Region-ch U12"]
[Site "Lehrte"]
[Date "2019.10.05"]
[Round "8.2"]
[White "Struebel, Tobias"]
[Black "Schmitt, Hendrik"]
[Result "1-0"]
[WhiteElo "1332"]
[BlackElo "949"]
[PlyCount "55"]
[EventDate "2019.10.03"]
[EventType "swiss"]
[EventRounds "11"]
[EventCountry "GER"]
[SourceTitle "EXT 2024"]
[Source "ChessBase"]
[SourceDate "2023.10.10"]
[SourceVersion "1"]
[SourceVersionDate "2023.10.10"]
[SourceQuality "1"]

1. d4 e6 2. e4 d5 3. e5 c5 4. c3 Nc6 5. Nf3 Qb6 6. Bd3 cxd4 7. cxd4 Nxd4 8. Nxd4 a6 9. 0-0 f6 10. exf6 Nxf6 11. Nf3 Bc5 12. Nbd2 0-0 13. Nb3 Be7 14. Qc2 Bd7 15. Qb1 Qc7 16. Qc2 Qd6 17. Re1 Ng4 18. Bxh7+ Kh8 19. h3 Rac8 20. Qb1 Rxf3 21. hxg4 Qb4 22. Bg5 Rf7 23. Bxe7 Rxe7 24. Qd3 Bb5 25. Qh3 Bd7 26. Bg6+ Kg8 27. Qh7+ Kf8 28. Qh8# 1-0

[Event "Hannover Region-ch U12"]
[Site "Lehrte"]
[Date "2019.10.04"]
[Round "6.2"]
[White "Gaertner, Alessandro"]
[Black "Struebel, Tobias"]
[Result "0-1"]
[WhiteElo "1483"]
[BlackElo "1332"]
[PlyCount "164"]
[EventDate "2019.10.03"]
[EventType "swiss"]
[EventRounds "11"]
[EventCountry "GER"]
[SourceTitle "EXT 2024"]
[Source "ChessBase"]
[SourceDate "2023.10.10"]
[SourceVersion "1"]
[SourceVersionDate "2023.10.10"]
[SourceQuality "1"]

1. d4 d5 2. Nf3 c5 3. e3 Nc6 4. Be2 Bg4 5. h3 Bh5 6. Bd2 Bxf3 7. Bxf3 cxd4 8. 0-0 dxe3 9. Bxe3 e6 10. a3 Bd6 11. Nc3 Nge7 12. Ne2 Rc8 13. b4 Bc7 14. c3 Qd6 15. Bf4 e5 16. Bh2 Qd7 17. Nc1 e4 18. Bxc7 Rxc7 19. Be2 f5 20. Nb3 b6 21. Nd4 Nxd4 22. Qxd4 Nc6 23. Bh5+ Kd8 24. Qd2 g6 25. Be2 Kc8 26. Rfd1 Rd8 27. Ba6+ Kb8 28. b5 Ne5 29. Rab1 Nc4 30. Qa2 Qe7 31. a4 e3 32. Rd3 e2 33. Re1 Re8 34. Rxd5 Nd6 35. Rd3 f4 36. Qd2 Nc4 37. Qxf4 Rf8 38. Qd4 Rc5 39. f3 Qe5 40. Qd7 Na5 41. Qd4 Nb3 42. Qxe5+ Rxe5 43. c4 Nc5 44. Rd2 Rfe8 45. Kf2 Rf8 46. Kg3 Rfe8 47. h4 Nxa4 48. Kh2 Nc3 49. Rd3 Re3 50. Rd2 Na4 51. Kg1 Nc5 52. Kf2 Nd3+ 53. Rxd3 Rxd3 54. f4 Rd4 55. g3 Rxc4 56. Rxe2 Rxe2+ 57. Kxe2 Rc3 58. Kf2 Kc7 59. Kg2 Rb3 60. Kh3 Kd6 61. Kg4 h6 62. Bb7 Rxb5 63. Bc8 g5 64. fxg5 hxg5 65. hxg5 Re5 66. Bf5 Ke7 67. Bb1 b5 68. g6 Kf6 69. Kf4 Rg5 70. Bd3 b4 71. g4 b3 72. Ke3 a5 73. Kd2 Rxg4 74. Kc1 a4 75. Kb2 Rxg6 76. Bb5 Rg4 77. Bd7 Rd4 78. Bb5 Ke5 79. Be8 Ke4 80. Bg6+ Ke3 81. Bb1 Kd2 82. Bg6 Rc4 0-1

[Event "Hannover Region-ch U12"]
[Site "Lehrte"]
[Date "2019.10.04"]
[Round "4.2"]
[White "Struebel, Tobias"]
[Black "Hohmann, Nick"]
[Result "1-0"]
[WhiteElo "1332"]
[BlackElo "1002"]
[PlyCount "75"]
[EventDate "2019.10.03"]
[EventType "swiss"]
[EventRounds "11"]
[EventCountry "GER"]
[SourceTitle "EXT 2024"]
[Source "ChessBase"]
[SourceDate "2023.10.10"]
[SourceVersion "1"]
[SourceVersionDate "2023.10.10"]
[SourceQuality "1"]

1. d4 d5 2. c4 e6 3. Nc3 Nf6 4. Bg5 Be7 5. e3 0-0 6. Nf3 c6 7. Bd3 dxc4 8. Bxc4 Nbd7 9. e4 h6 10. Be3 Bb4 11. Qc2 Bxc3+ 12. bxc3 Re8 13. e5 Ng4 14. Bd2 b6 15. h3 Nxf2 16. Kxf2 c5 17. a4 Bb7 18. Ba2 Rc8 19. Bb1 g6 20. Bxh6 cxd4 21. Bd2 dxc3 22. Bg5 Qc7 23. Bf4 Bxf3 24. gxf3 Qc5+ 25. Be3 Qxe5 26. f4 Qg7 27. Rg1 f5 28. h4 Nf6 29. Ke2 Kf8 30. Bd4 Qe7 31. Rxg6 Ne4 32. Ba2 Qxh4 33. Rag1 Qh2+ 34. R1g2 Qh5+ 35. Ke1 Qh4+ 36. Kd1 Qh5+ 37. Kc1 Kf7 38. Rg7+ 1-0

[Event "GER-ch U25-C"]
[Site "Willingen"]
[Date "2019.06.13"]
[Round "7"]
[White "Sinka, Silas"]
[Black "Struebel, Tobias"]
[Result "0-1"]
[WhiteElo "1292"]
[BlackElo "1337"]
[PlyCount "84"]
[EventDate "2019.06.08"]
[EventType "swiss"]
[EventRounds "9"]
[EventCountry "GER"]
[SourceTitle "CBM 191 Extra"]
[Source "ChessBase"]
[SourceDate "2019.09.30"]
[SourceVersion "1"]
[SourceVersionDate "2019.09.30"]
[SourceQuality "1"]

1. d4 d5 2. c4 e6 3. b3 Nf6 4. Nf3 Be7 5. e3 0-0 6. Bd3 c5 7. 0-0 Nc6 8. Bb2 Bd7 9. Nbd2 a6 10. Re1 cxd4 11. exd4 Nb4 12. Bb1 a5 13. a3 Nc6 14. Ne5 Nxe5 15. dxe5 Ne8 16. f4 dxc4 17. Nxc4 f6 18. Bd4 b5 19. Nd2 Bc6 20. Bf2 f5 21. Nf1 Qxd1 22. Rxd1 Bd5 23. Bc2 Rc8 24. Rdc1 g5 25. g3 gxf4 26. gxf4 Rf7 27. Ng3 Bc5 28. Bxc5 Rxc5 29. Bd3 Rxc1+ 30. Rxc1 Rc7 31. Rb1 b4 32. axb4 axb4 33. Nh5 Rc3 34. Bb5 Nc7 35. Nf6+ Kg7 36. Nxd5 Nxd5 37. Bc4 Nxf4 38. Rf1 Nh3+ 39. Kg2 Ng5 40. h4 Rc2+ 41. Kh1 Ne4 42. Kg1 Nd2 0-1

[Event "Hannover Bezirk-ch U10"]
[Site "Lehrte"]
[Date "2017.10.30"]
[Round "9.2"]
[White "Elgeti, Jonas"]
[Black "Struebel, Tobias"]
[Result "1-0"]
[WhiteElo "864"]
[BlackElo "1123"]
[PlyCount "37"]
[EventDate "2017.10.28"]
[EventType "swiss"]
[EventRounds "11"]
[EventCountry "GER"]
[SourceTitle "EXT 2022"]
[Source "ChessBase"]
[SourceDate "2021.10.06"]
[SourceVersion "1"]
[SourceVersionDate "2021.10.06"]
[SourceQuality "1"]

1. d4 d5 2. Bf4 Nf6 3. Nc3 Bf5 4. Nf3 Nc6 5. e3 a6 6. Bd3 Ne4 7. Nh4 Nxc3 8. bxc3 Bxd3 9. Qxd3 e5 10. dxe5 Qxh4 11. Qxd5 Rd8 12. Qb3 b6 13. 0-0 g5 14. Bg3 Qe4 15. Rad1 Rxd1 16. Rxd1 Nxe5 17. Rd4 Qf5 18. Qd5 Bg7 19. Qd8# 1-0

[Event "Hannover Bezirk-ch U10"]
[Site "Lehrte"]
[Date "2017.10.30"]
[Round "7.2"]
[White "Struebel, Tobias"]
[Black "Sauer, Tim"]
[Result "0-1"]
[WhiteElo "1123"]
[BlackElo "1185"]
[PlyCount "110"]
[EventDate "2017.10.28"]
[EventType "swiss"]
[EventRounds "11"]
[EventCountry "GER"]
[SourceTitle "EXT 2022"]
[Source "ChessBase"]
[SourceDate "2021.10.06"]
[SourceVersion "1"]
[SourceVersionDate "2021.10.06"]
[SourceQuality "1"]

1. e4 e5 2. Nf3 Nc6 3. Bc4 h6 4. Nc3 Nf6 5. b3 Nxe4 6. Bxf7+ Kxf7 7. Nxe4 d5 8. Nc3 Bc5 9. Bb2 Bg4 10. 0-0 Re8 11. h3 Bh5 12. Re1 Kg8 13. Na4 Bd6 14. c4 dxc4 15. bxc4 b6 16. d4 exd4 17. Bxd4 Bxf3 18. gxf3 Rxe1+ 19. Qxe1 Nxd4 20. Qe4 Bc5 21. Rd1 Qg5+ 22. Kh1 Rd8 23. f4 Qh4 24. Kg2 Qf6 25. Kh2 Qf8 26. Nc3 Qd6 27. Rg1 Ne6 28. Nd5 Rf8 29. Qg6 Rf7 30. Nf6+ Kf8 31. Nh7+ Ke7 32. Qg4 Qxf4+ 33. Qxf4 Rxf4 34. Re1 Rxf2+ 35. Kg3 Rxa2 36. Kg4 Kf7 37. Kf5 Rf2+ 38. Ke4 a5 39. Kd5 Rd2+ 40. Kc6 a4 41. Rf1+ Kg8 42. Nf6+ gxf6 43. Rxf6 Nd4+ 44. Kxc7 a3 45. Kd7 a2 46. Rf1 Nb3+ 47. Kc6 a1Q 48. Rxa1 Nxa1 49. h4 Rd6+ 50. Kb5 Kf7 51. h5 Ke7 52. Ka4 Kd7 53. Kb5 Rd3 54. Ka4 Ra3+ 55. Kb5 Ra5# 0-1